Statistics for Star Wars: The Clone Wars (Season 6) A-Z

Click here to take the quiz!

General Stats

  • This quiz has been taken 15 times
  • The average score is 9 of 23

Answer Stats

LetterHintAnswer% Correct
CDooku's title{Count} Dooku
91%
IClone trooper Fives discovers what in every clone?{Inhibitor} Chips
91%
O"Good soldiers follow..."Orders
91%
QYoda hears the voice of this Jedi MasterQui-Gon Jinn
91%
AA medical droid who aid clone trooper Fives in finding Kaminoan secretsAZI-345211896246498721347
82%
GThe highest rank in the Jedi Order, given to YodaGrand Master
82%
DYoda encountered a fiery vision of this ancient Dark LordDarth Bane
73%
TNickname of clone trooper CT-5385, who prematurely executed order 66Tup
64%
KNickname of clone trooper medic CT-6116Kix
55%
SYoda sees an illusion of this long-dead JediSifo-Dyas
55%
BOne of the most influential commerce guilds during the waning days of the Galactic RepublicBanking Clan
27%
MA desolate and mountainous planet that was home to the ancient SithMoraband
27%
JA female Bardottan and the Queen of the planet BardottaJulia
18%
LA male Pyke who led the Pyke SyndicateLom Pyke
18%
FA dark side cult from Bardotta dedicated to the worship of Malmourral, the Bardottan demon of war{Frangawl} Cult
9%
HRig Nema, a Consular Jedi doctor, is a member of this speciesHalaisi
9%
NA male Muun who served as a representative in the Galactic SenateNix Card
9%
RA planet encircled by a massive civilian graving dockRingo Vinda
9%
EAn Arcona male bounty hunter whom the Galactic Republic employed as a drill instructor for the clone troopersEl-Les
0%
PSerenity, Joy, Anger, Confusion, and Sadness are beings known as Force...Priestesses
0%
VA Lantillian GX1 short hauler in service to the Galactic Republic that delivered Padmé Amidala to ScipioValorous
0%
WA planet powerful in the light side of the Force and was speculated to be the source of all lifeWellspring of Life
0%
ZA moon with a desert climate, in the Colonies located near BardottaZardossa Stix
0%

Score Distribution

Percentile by Number Answered

Percent of People with Each Score

Your Score History

You have not taken this quiz